Statistiken für Filme erraten mit Bildern - Buchstabe I

Klicken Sie hier um das Quiz zu spielen!

Allgemein

  • Dieses Quiz wurde 225 mal gespielt
  • Das Durchschnittsergebnis liegt bei 5 aus 16

Antwortstatistiken

Antwort% Korrekt
Ice Age
100%
Iron Man
92%
Interstellar
79%
Inception
70%
I am Legend
54%
Interview mit einem Vampir
32%
I, Tonya
21%
Insidious: The last Key
20%
Ist das Leben nicht schön?
13%
Immer Ärger mit Bernie
12%
Insel der besonderen Kinder
11%
Into the Woods
8%
I Am Mother
7%
It Follows
6%
Invasion
2%
I See You
2%

Verteilung der Resultate

Perzentil nach korrekt beantworteten Fragen

Anzahl Personen mit jedem Resultat

Ihre Resultats-Entwicklung

Sie haben dieses Quiz noch nicht gespielt